000 00304nam a22001457a 4500
020 _a0-7214-1056-1
082 _a823
100 _aMCCULLACH
245 _aADVENTURE I THE WOOD
_bPUDDLE LANE
250 _a1
260 _aUK
_bLADYBIRD
300 _a43
650 _aENGLISH SHORT STORY
_zUK
942 _cBK
999 _c4166
_d4166